Normal view
MARC view
Entry Personal Name
001 - CONTROL NUMBER
- control field: 40266
003 - CONTROL NUMBER IDENTIFIER
- control field: dpl
005 - DATE AND TIME OF LATEST TRANSACTION
- control field: 20120128131651.0
008 - FIXED-LENGTH DATA ELEMENTS
- fixed length control field: 120128|||a|||||| | ||| d
040 ## - CATALOGING SOURCE
- Original cataloging agency: dpl
- Transcribing agency: dpl
100 ## - HEADING--PERSONAL NAME
- Personal name: तिवारी, रीमा
670 ## - SOURCE DATA FOUND
- Source citation: Work cat.: (dpl)61596: तिवारी, रीमा, सिस्टम एनालिसिस एण्ड डिजाइन /, 2004
670 ## - SOURCE DATA FOUND
- Source citation: Work cat.: (dpl)61596: तिवारी, रीमा, सिस्टम एनालिसिस एण्ड डिजाइन /, 2004
